000 00467nam a22001697a 4500
005 20260407114117.0
008 260407b |||||||| |||| 00| 0 eng d
037 _cDSWL
040 _aDSWL
_cDSWL
041 _heng
100 _aNongmaithem, Josephine
_91116741
245 _aFloods and health
260 _aNew Delhi,
_bDepartment of Social Work,
_c2017
300 _a159p
942 _2CC
_cTH
_n0
999 _c1848030
_d1848030